Analog VLSI: signal and information on processing (Record no. 2517)
[ view plain ]
| 000 -LEADER | |
|---|---|
| fixed length control field | 00483nam a2200181Ia 4500 |
| 008 - FIXED-LENGTH DATA ELEMENTS--GENERAL INFORMATION | |
| fixed length control field | 240925s9999 xx 000 0 und d |
| 020 ## - INTERNATIONAL STANDARD BOOK NUMBER | |
| International Standard Book Number | 71133879 |
| 082 ## - DEWEY DECIMAL CLASSIFICATION NUMBER | |
| Classification number | 621.3844 ISM |
| 100 ## - MAIN ENTRY--PERSONAL NAME | |
| Personal name | Ismail, Muohammad |
| 245 #0 - TITLE STATEMENT | |
| Title | Analog VLSI: signal and information on processing |
| 250 ## - EDITION STATEMENT | |
| Edition statement | NA |
| 260 ## - PUBLICATION, DISTRIBUTION, ETC. | |
| Place of publication, distribution, etc. | New York: |
| Name of publisher, distributor, etc. | McGraw-Hill |
| Date of publication, distribution, etc. | ,1994. |
| 300 ## - PHYSICAL DESCRIPTION | |
| Extent | xvii,741p. |
| Other physical details | NA |
| Type of unit | Original |
| 500 ## - GENERAL NOTE | |
| General note | Includes Index |
| 600 ## - SUBJECT ADDED ENTRY--PERSONAL NAME | |
| Personal name | Engineering Technology |
| 650 ## - SUBJECT ADDED ENTRY--TOPICAL TERM | |
| Topical term or geographic name entry element | Technology |
| 942 ## - ADDED ENTRY ELEMENTS (KOHA) | |
| Koha item type | Books |
| Withdrawn status | Lost status | Damaged status | Not for loan | Collection | Home library | Current library | Date acquired | Source of acquisition | Cost, normal purchase price | Total checkouts | Full call number | Barcode | Date last seen | Price effective from | Koha item type |
|---|---|---|---|---|---|---|---|---|---|---|---|---|---|---|---|
| Write Off | Engineering Technology | UITU Library | UITU Library | 01/26/1995 | Royal Book Company | 510.98 | 621.3844 ISM | Q0018 | 09/25/2024 | 09/25/2024 | Books |

